00333nam a2200121Ia 4500008004100000041000800041082001500049100002000064245004500084260003900129300003100168365001200199240624s9999 xx 000 0 und d aeng a338.04 MIK aMIKDASHI ZUHAYR aPROGRESS DRIVEN ENTREPRENEURS PRIVATE EQ c2010aNew YorkbPalgrave Macmillan axvi, : 195 : p. : cm. ; 22 cGBPb50